[Aplikovaná ekonometrie, teorie a praxe]
Recenzia publikácie Aplikovaná ekonometrie, teorie a praxe. Dielo poskytuje poznatky a vysvetľuje princípy aplikovanej ekonometrickej analýzy, spája ekonomickú teóriu, teóriu ekonometrie a ekonometrickú analýzu.
Na minha lista:
| Autor principal: | |
|---|---|
| Formato: | Capítulo de Livro |
| Idioma: | eslovaco |
| Assuntos: | |
| Tags: |
Sem tags, seja o primeiro a adicionar uma tag!
|
MARC
| LEADER | 00000naa$a2200000$$$4500 | ||
|---|---|---|---|
| 001 | 0016762 | ||
| 005 | 20230929075232.2 | ||
| 041 | 0 | |a slo | |
| 044 | |a SK | ||
| 245 | 1 | 0 | |a [Aplikovaná ekonometrie, teorie a praxe] |c rec. Jaroslav Husár |
| 520 | |a Recenzia publikácie Aplikovaná ekonometrie, teorie a praxe. Dielo poskytuje poznatky a vysvetľuje princípy aplikovanej ekonometrickej analýzy, spája ekonomickú teóriu, teóriu ekonometrie a ekonometrickú analýzu. | ||
| 610 | 2 | 0 | |a recenzie |
| 610 | 2 | 0 | |a ekonometria |
| 610 | 2 | 0 | |a analýza ekonometrická |
| 610 | 2 | 0 | |a teórie ekonomické |
| 100 | 1 | |a Husár, Jaroslav | |